Central Library OPAC University of Rajshahi

A practical guide to molecular cloning / (Record no. 11968)

MARC details
000 -LEADER
fixed length control field 01199cam a2200361 a 4500
001 - CONTROL NUMBER
control field 11968
003 - CONTROL NUMBER IDENTIFIER
rucl marc code BD-RjUL
005 - DATE AND TIME OF LATEST TRANSACTION
control field 20211208235219.0
008 - FIXED-LENGTH DATA ELEMENTS--GENERAL INFORMATION
fixed length control field 140127s1984 nyua b 001 0 eng
020 ## - INTERNATIONAL STANDARD BOOK NUMBER
International Standard Book Number 0471876526
International Standard Book Number 0471876534 (pbk.)
035 ## - SYSTEM CONTROL NUMBER
System control number (BD-RjUL)12017
040 ## - CATALOGING SOURCE
Original cataloging agency DLC
Transcribing agency DLC
Modifying agency BD-RjUL
Language of cataloging eng
041 ## - LANGUAGE CODE
Language code of text/sound track or separate title eng
060 ## - NATIONAL LIBRARY OF MEDICINE CALL NUMBER
Classification number QH 442 P427p
082 00 - DEWEY DECIMAL CLASSIFICATION NUMBER
Classification number 574.873282
Edition number 19
Author mark and year PEP 1984
100 1# - MAIN ENTRY--PERSONAL NAME
Personal name Perbal, Bernard V.
9 (RLIN) 37098
245 12 - TITLE STATEMENT
Title A practical guide to molecular cloning /
Statement of responsibility, etc. Bernard Perbal.
260 ## - PUBLICATION, DISTRIBUTION, ETC. (IMPRINT)
Place of publication, distribution, etc. New York :
Name of publisher, distributor, etc. Wiley,
Date of publication, distribution, etc. c1984.
300 ## - PHYSICAL DESCRIPTION
Pagination xix, 554 p. :
Illustrations ill. ;
Size 24 cm.
500 ## - GENERAL NOTE
General note "A Wiley-Interscience publication."
504 ## - BIBLIOGRAPHY, ETC. NOTE
Bibliography, etc Includes bibliographies and index.
650 #0 - SUBJECT ADDED ENTRY--TOPICAL TERM
Topical term or geographic name as entry element Molecular cloning.
9 (RLIN) 37099
Topical term or geographic name as entry element Cloning, Molecular.
9 (RLIN) 37100
Topical term or geographic name as entry element DNA, Recombinant.
9 (RLIN) 34299
Topical term or geographic name as entry element Genetic intervention.
9 (RLIN) 37101
856 42 - ELECTRONIC LOCATION AND ACCESS
Materials specified Publisher description
Uniform Resource Identifier <a href="http://www.loc.gov/catdir/enhancements/fy0608/83026050-d.html">http://www.loc.gov/catdir/enhancements/fy0608/83026050-d.html</a>
Materials specified Table of contents only
Uniform Resource Identifier <a href="http://www.loc.gov/catdir/enhancements/fy0608/83026050-t.html">http://www.loc.gov/catdir/enhancements/fy0608/83026050-t.html</a>
942 ## - ADDED ENTRY ELEMENTS (KOHA)
Source of classification or shelving scheme Dewey Decimal Classification
Koha item type Books
Holdings
Lost status Source of classification or shelving scheme Damaged status Not for loan Collection code Permanent Location Current Location Shelving location Date acquired Source of acquisition Cost, normal purchase price Total Checkouts Full call number Date last seen Copy number Koha item type
  Dewey Decimal Classification   Not For Loan Non-fiction Central Library, University of Rajshahi Central Library, University of Rajshahi Reading Room 18/06/1988 Manik Bro. 32.31   574.873282 PEP 1984 27/01/2014 C-1 Books